[Event "DVM U14 2022"]
[Site "Kelheim GER"]
[Date "2022.12.27"]
[Round "2"]
[White "Maltsev, Mark"]
[Black "Reimann, Marcus"]
[Result "0-1"]
[Termination "normal"]
[Board "10.2"]
[WhiteElo "1428"]
[BlackElo "1326"]
[WhiteClock "00:01:09"]
[BlackClock "00:45:00"]
[WhiteTeam "SC Borussia Lichtenberg"]
[BlackTeam "SK Kelheim 1920"]
[PlyCount "84"]
[WhiteFideId "34117806"]
[BlackFideId "34640312"]
[EventCountry "GER"]
[EventRounds "7"]
[EventType "team-swiss"]
[EventDate "2022.12.26"]

1. e4 {[%clk 01:30:58]} {[%emt 00:00:02]} e5 {[%clk 01:30:59]} {[%emt
00:00:02]} 2. Nf3 {[%clk 01:30:57]} {[%emt 00:00:30]} Nc6 {[%clk 01:31:24]}
{[%emt 00:00:06]} 3. Bc4 {[%clk 01:31:22]} {[%emt 00:00:04]} Bc5 {[%clk
01:31:50]} {[%emt 00:00:04]} 4. c3 {[%clk 01:31:42]} {[%emt 00:00:11]} Nf6
{[%clk 01:32:10]} {[%emt 00:00:10]} 5. d3 {[%clk 01:32:07]} {[%emt 00:00:04]}
h6 {[%clk 01:31:57]} {[%emt 00:00:43]} 6. O-O {[%clk 01:32:22]} {[%emt
00:00:16]} d6 {[%clk 01:32:23]} {[%emt 00:00:04]} 7. Re1 {[%clk 01:31:11]}
{[%emt 00:01:40]} Bg4 {[%clk 01:32:42]} {[%emt 00:00:11]} 8. Nbd2 {[%clk
01:28:40]} {[%emt 00:03:01]} Qd7 {[%clk 01:32:30]} {[%emt 00:00:43]} 9. Nf1
{[%clk 01:28:15]} {[%emt 00:00:55]} h5 {[%clk 01:31:53]} {[%emt 00:01:07]} 10.
b4 {[%clk 01:26:15]} {[%emt 00:02:30]} Bb6 {[%clk 01:32:13]} {[%emt 00:00:09]}
11. Ba3 {[%clk 01:20:32]} {[%emt 00:06:13]} h4 {[%clk 01:31:48]} {[%emt
00:00:55]} 12. b5 {[%clk 01:20:03]} {[%emt 00:00:59]} Na5 {[%clk 01:31:28]}
{[%emt 00:00:50]} 13. h3 {[%clk 01:19:01]} {[%emt 00:01:32]} Bh5 {[%clk
01:29:09]} {[%emt 00:02:49]} 14. N1h2 {[%clk 01:18:23]} {[%emt 00:01:08]} g5
{[%clk 01:29:10]} {[%emt 00:00:30]} 15. Qa4 {[%clk 01:18:26]} {[%emt 00:00:26]}
g4 {[%clk 01:27:25]} {[%emt 00:02:15]} 16. Nxh4 {[%clk 01:16:39]} {[%emt
00:02:17]} gxh3 {[%clk 01:27:00]} {[%emt 00:00:54]} 17. g3 {[%clk 01:13:18]}
{[%emt 00:03:52]} Ng4 {[%clk 01:25:47]} {[%emt 00:01:43]} 18. d4 {[%clk
01:12:29]} {[%emt 00:01:20]} exd4 {[%clk 01:22:18]} {[%emt 00:03:59]} 19. Nxg4
{[%clk 01:12:18]} {[%emt 00:00:40]} Qxg4 {[%clk 01:21:19]} {[%emt 00:01:29]}
20. Be2 {[%clk 01:04:26]} {[%emt 00:08:22]} Qg7 {[%clk 01:20:53]} {[%emt
00:00:57]} 21. Bf1 {[%clk 00:39:52]} {[%emt 00:25:03]} Bg4 {[%clk 01:18:22]}
{[%emt 00:03:01]} 22. e5 {[%clk 00:35:08]} {[%emt 00:05:14]} O-O-O {[%clk
01:16:14]} {[%emt 00:02:37]} 23. exd6 {[%clk 00:34:02]} {[%emt 00:01:37]} Be6
{[%clk 01:14:13]} {[%emt 00:02:32]} 24. Kh2 {[%clk 00:32:11]} {[%emt 00:02:16]}
dxc3 {[%clk 01:13:12]} {[%emt 00:01:35]} 25. dxc7 {[%clk 00:22:44]} {[%emt
00:09:55]} Bxc7 {[%clk 01:11:43]} {[%emt 00:02:00]} 26. Rad1 {[%clk 00:19:12]}
{[%emt 00:04:03]} Qf6 {[%clk 01:10:28]} {[%emt 00:01:45]} 27. Rxd8 {[%clk
00:18:10]} {[%emt 00:01:32]} Kxd8 {[%clk 01:10:18]} {[%emt 00:00:40]} 28. Rd1
{[%clk 00:13:54]} {[%emt 00:04:44]} Kc8 {[%clk 01:10:22]} {[%emt 00:00:28]} 29.
Qd4 {[%clk 00:13:56]} {[%emt 00:00:27]} Qxh4 {[%clk 01:02:27]} {[%emt
00:08:26]} 30. Qxa7 {[%clk 00:11:40]} {[%emt 00:02:46]} Qf6 {[%clk 01:00:27]}
{[%emt 00:02:30]} 31. Bd6 {[%clk 00:07:03]} {[%emt 00:05:07]} Bxd6 {[%clk
00:53:37]} {[%emt 00:07:20]} 32. Rxd6 {[%clk 00:07:15]} {[%emt 00:00:18]} Rd8
{[%clk 00:52:44]} {[%emt 00:01:23]} 33. Qc5 {[%clk 00:05:12]} {[%emt 00:02:33]}
Kb8 {[%clk 00:51:25]} {[%emt 00:01:49]} 34. b6 {[%clk 00:02:41]} {[%emt
00:03:02]} Rc8 {[%clk 00:48:08]} {[%emt 00:03:47]} 35. Qe3 {[%clk 00:01:05]}
{[%emt 00:02:05]} Rd8 {[%clk 00:46:46]} {[%emt 00:01:52]} 36. Qc5 {[%clk
00:00:46]} {[%emt 00:00:49]} Rc8 {[%clk 00:46:27]} {[%emt 00:00:49]} 37. Qe3
{[%clk 00:00:45]} {[%emt 00:00:31]} c2 {[%clk 00:46:05]} {[%emt 00:00:53]} 38.
Qc1 {[%clk 00:00:36]} {[%emt 00:00:38]} Qxf2 {[%clk 00:45:51]} {[%emt
00:00:44]} 39. Kh1 {[%clk 00:01:02]} {[%emt 00:00:04]} Nc4 {[%clk 00:45:29]}
{[%emt 00:00:51]} 40. Rd3 {[%clk 00:00:40]} {[%emt 00:00:53]} h2 {[%clk
00:45:15]} {[%emt 00:00:44]} 41. Bg2 {[%clk 00:00:50]} {[%emt 00:00:19]} Ne3
{[%clk 00:44:46]} {[%emt 00:01:00]} 42. Rxe3 {[%clk 00:01:09]} {[%emt
00:00:11]} Qxe3 {[%clk 00:45:00]} {[%emt 00:00:16]} 0-1

[Event "DVM U14 2022"]
[Site "Kelheim GER"]
[Date "2022.12.27"]
[Round "2"]
[White "Weinberger, Maxim"]
[Black "von Malotky, Mads"]
[Result "0-1"]
[Termination "normal"]
[Board "10.3"]
[WhiteElo "1148"]
[BlackElo "1260"]
[WhiteClock "00:58:41"]
[BlackClock "01:09:04"]
[WhiteTeam "SK Kelheim 1920"]
[BlackTeam "SC Borussia Lichtenberg"]
[PlyCount "64"]
[WhiteFideId "16290330"]
[BlackFideId "34626476"]
[EventCountry "GER"]
[EventRounds "7"]
[EventType "team-swiss"]
[EventDate "2022.12.26"]

1. e4 {[%clk 01:30:59]} c6 {[%clk 01:30:52]} {[%emt 00:00:08]} 2. d4 {[%clk
01:29:54]} {[%emt 00:01:35]} d5 {[%clk 01:31:16]} {[%emt 00:00:06]} 3. Nc3
{[%clk 01:29:08]} {[%emt 00:01:17]} dxe4 {[%clk 01:31:29]} {[%emt 00:00:16]} 4.
Nxe4 {[%clk 01:29:20]} {[%emt 00:00:18]} Nf6 {[%clk 01:31:51]} {[%emt
00:00:08]} 5. Nc3 {[%clk 01:26:21]} {[%emt 00:03:30]} Bf5 {[%clk 01:31:25]}
{[%emt 00:00:55]} 6. Bc4 {[%clk 01:25:19]} {[%emt 00:01:32]} e6 {[%clk
01:31:25]} {[%emt 00:00:31]} 7. Nf3 {[%clk 01:24:19]} {[%emt 00:01:29]} Bd6
{[%clk 01:31:34]} {[%emt 00:00:22]} 8. O-O {[%clk 01:23:35]} {[%emt 00:01:13]}
O-O {[%clk 01:31:55]} {[%emt 00:00:08]} 9. Ne2 {[%clk 01:19:08]} {[%emt
00:04:58]} Qb6 {[%clk 01:31:09]} {[%emt 00:01:15]} 10. b3 {[%clk 01:15:21]}
{[%emt 00:04:18]} Qc7 {[%clk 01:30:22]} {[%emt 00:01:17]} 11. Ng3 {[%clk
01:13:26]} {[%emt 00:02:25]} Bg6 {[%clk 01:29:21]} {[%emt 00:01:31]} 12. Bd3
{[%clk 01:12:38]} {[%emt 00:01:18]} Nbd7 {[%clk 01:28:15]} {[%emt 00:01:36]}
13. c4 {[%clk 01:12:09]} {[%emt 00:00:59]} e5 {[%clk 01:27:36]} {[%emt
00:01:10]} 14. Bxg6 {[%clk 01:08:34]} {[%emt 00:04:04]} fxg6 {[%clk 01:27:42]}
{[%emt 00:00:23]} 15. c5 {[%clk 01:07:47]} {[%emt 00:01:19]} Be7 {[%clk
01:27:34]} {[%emt 00:00:38]} 16. b4 {[%clk 01:06:21]} {[%emt 00:01:55]} a5
{[%clk 01:27:14]} {[%emt 00:00:50]} 17. Ba3 {[%clk 01:05:47]} {[%emt 00:01:04]}
Rad8 {[%clk 01:26:13]} {[%emt 00:01:30]} 18. Ng5 {[%clk 01:05:46]} {[%emt
00:00:32]} axb4 {[%clk 01:19:57]} {[%emt 00:06:47]} 19. Bxb4 {[%clk 01:05:31]}
{[%emt 00:00:44]} Nxc5 {[%clk 01:18:12]} {[%emt 00:02:15]} 20. Bxc5 {[%clk
01:05:20]} {[%emt 00:00:42]} Bxc5 {[%clk 01:17:48]} {[%emt 00:00:53]} 21. Qb3
{[%clk 01:05:35]} {[%emt 00:00:16]} Nd5 {[%clk 01:16:14]} {[%emt 00:02:03]} 22.
dxc5 {[%clk 01:05:50]} {[%emt 00:00:15]} Qe7 {[%clk 01:16:26]} {[%emt
00:00:17]} 23. N5e4 {[%clk 01:05:03]} {[%emt 00:01:18]} Kh8 {[%clk 01:15:49]}
{[%emt 00:01:08]} 24. a4 {[%clk 01:04:42]} {[%emt 00:00:51]} Rf4 {[%clk
01:15:36]} {[%emt 00:00:42]} 25. a5 {[%clk 01:03:53]} {[%emt 00:01:19]} h5
{[%clk 01:12:48]} {[%emt 00:03:18]} 26. f3 {[%clk 01:01:17]} {[%emt 00:03:07]}
Rdf8 {[%clk 01:11:13]} {[%emt 00:02:04]} 27. a6 {[%clk 01:01:15]} {[%emt
00:00:33]} bxa6 {[%clk 01:11:07]} {[%emt 00:00:35]} 28. Rxa6 {[%clk 01:01:38]}
{[%emt 00:00:07]} h4 {[%clk 01:11:25]} {[%emt 00:00:12]} 29. Ne2 {[%clk
01:01:54]} {[%emt 00:00:15]} Rxe4 {[%clk 01:10:59]} {[%emt 00:00:55]} 30. fxe4
{[%clk 01:00:22]} {[%emt 00:02:02]} Qxc5 {[%clk 01:10:15]} {[%emt 00:01:14]}
31. Rf2 {[%clk 00:58:18]} {[%emt 00:02:34]} Qxf2 {[%clk 01:09:17]} {[%emt
00:01:27]} 32. Kh1 {[%clk 00:58:41]} {[%emt 00:00:08]} Ne3 {[%clk 01:09:04]}
{[%emt 00:00:43]} 0-1

[Event "DVM U14 2022"]
[Site "Kelheim GER"]
[Date "2022.12.27"]
[Round "2"]
[White "Borchert, Yuri"]
[Black "Dauerer, Leonhard"]
[Result "1/2-1/2"]
[Termination "normal"]
[Board "10.4"]
[WhiteElo "1182"]
[BlackElo "1069"]
[WhiteClock "01:00:47"]
[BlackClock "01:17:56"]
[WhiteTeam "SC Borussia Lichtenberg"]
[BlackTeam "SK Kelheim 1920"]
[PlyCount "112"]
[WhiteFideId "34626468"]
[BlackFideId "34640223"]
[EventCountry "GER"]
[EventRounds "7"]
[EventType "team-swiss"]
[EventDate "2022.12.26"]

1. d4 d5 2. Nf3 {[%clk 01:30:30]} Nf6 {[%clk 01:31:21]} {[%emt 00:56:29]} 3. e3
{[%emt 00:00:35]} Bf5 4. Bd3 {[%clk 01:30:41]} {[%emt 00:01:11]} Bxd3 {[%clk
01:31:50]} {[%emt 00:00:20]} 5. Qxd3 {[%clk 01:31:02]} {[%emt 00:00:09]} e6
{[%clk 01:32:07]} {[%emt 00:00:12]} 6. O-O {[%clk 01:30:56]} {[%emt 00:00:37]}
c5 {[%clk 01:32:31]} {[%emt 00:00:06]} 7. c3 {[%clk 01:30:25]} {[%emt
00:01:01]} Nc6 {[%clk 01:32:41]} {[%emt 00:00:19]} 8. Nbd2 {[%clk 01:30:19]}
{[%emt 00:00:36]} Bd6 {[%clk 01:32:47]} {[%emt 00:00:24]} 9. e4 {[%clk
01:30:30]} {[%emt 00:00:19]} dxe4 {[%clk 01:32:28]} {[%emt 00:00:49]} 10. Nxe4
{[%clk 01:30:34]} {[%emt 00:00:26]} Nxe4 {[%clk 01:32:14]} {[%emt 00:00:45]}
11. Qxe4 {[%clk 01:30:45]} {[%emt 00:00:19]} Qf6 {[%clk 01:31:17]} {[%emt
00:01:27]} 12. d5 {[%clk 01:27:50]} {[%emt 00:03:23]} Ne5 {[%clk 01:30:47]}
{[%emt 00:01:02]} 13. Nxe5 {[%clk 01:22:18]} {[%emt 00:06:00]} Qxe5 {[%clk
01:29:19]} {[%emt 00:01:59]} 14. Qxe5 {[%clk 01:22:41]} {[%emt 00:00:07]} Bxe5
{[%clk 01:29:29]} {[%emt 00:00:20]} 15. Re1 {[%clk 01:22:37]} {[%emt 00:00:33]}
Bf6 {[%clk 01:28:14]} {[%emt 00:01:45]} 16. dxe6 {[%clk 01:22:44]} {[%emt
00:00:24]} fxe6 {[%clk 01:27:59]} {[%emt 00:00:45]} 17. Rxe6 {[%clk 01:23:02]}
{[%emt 00:00:12]} Kf7 {[%clk 01:28:08]} {[%emt 00:00:21]} 18. Re1 {[%clk
01:22:55]} {[%emt 00:00:23]} Rhe8 {[%clk 01:28:27]} {[%emt 00:00:25]} 19. Rxe8
{[%clk 01:23:16]} {[%emt 00:00:09]} Rxe8 {[%clk 01:28:50]} {[%emt 00:00:07]}
20. Be3 {[%clk 01:23:08]} {[%emt 00:00:36]} b6 {[%clk 01:28:54]} {[%emt
00:00:30]} 21. h3 {[%clk 01:22:35]} {[%emt 00:00:58]} Rd8 {[%clk 01:28:36]}
{[%emt 00:00:51]} 22. Rc1 {[%clk 01:22:04]} {[%emt 00:00:58]} Rc8 {[%clk
01:28:19]} {[%emt 00:00:51]} 23. Rd1 {[%clk 01:21:10]} {[%emt 00:01:21]} Ke6
{[%clk 01:25:29]} {[%emt 00:03:22]} 24. Re1 {[%clk 01:19:36]} {[%emt 00:02:02]}
Kf7 {[%clk 01:25:27]} {[%emt 00:00:34]} 25. g4 {[%clk 01:19:44]} {[%emt
00:00:21]} Re8 {[%clk 01:25:45]} {[%emt 00:00:14]} 26. Rd1 {[%clk 01:19:09]}
{[%emt 00:01:05]} Rd8 {[%clk 01:25:07]} {[%emt 00:01:08]} 27. Rxd8 {[%clk
01:18:58]} {[%emt 00:00:40]} Bxd8 {[%clk 01:25:27]} {[%emt 00:00:10]} 28. f4
{[%clk 01:19:05]} {[%emt 00:00:23]} Kf6 {[%clk 01:25:29]} {[%emt 00:00:28]} 29.
b4 {[%clk 01:18:36]} {[%emt 00:00:59]} cxb4 {[%clk 01:25:37]} {[%emt 00:00:23]}
30. cxb4 {[%clk 01:18:55]} {[%emt 00:00:08]} a6 {[%clk 01:25:48]} {[%emt
00:00:21]} 31. Bd4 {[%clk 01:17:42]} {[%emt 00:01:44]} Kf7 {[%clk 01:25:56]}
{[%emt 00:00:21]} 32. Kf2 {[%clk 01:17:38]} {[%emt 00:00:30]} b5 {[%clk
01:25:47]} {[%emt 00:00:43]} 33. Ke3 {[%clk 01:17:51]} {[%emt 00:00:16]} g5
{[%clk 01:24:49]} {[%emt 00:01:28]} 34. fxg5 {[%clk 01:16:39]} {[%emt
00:01:44]} Bxg5 {[%clk 01:24:35]} {[%emt 00:00:44]} 35. Ke4 {[%clk 01:16:46]}
{[%emt 00:00:22]} Ke6 {[%clk 01:24:58]} {[%emt 00:00:08]} 36. Bf2 {[%clk
01:16:26]} {[%emt 00:00:46]} Bd2 {[%clk 01:24:21]} {[%emt 00:01:11]} 37. Bc5
{[%emt 00:00:35]} Kf6 {[%clk 01:22:17]} {[%emt 00:02:32]} 38. h4 {[%clk
01:13:23]} {[%emt 00:03:28]} Be1 {[%clk 01:21:54]} {[%emt 00:00:54]} 39. h5
{[%clk 01:11:11]} {[%emt 00:02:43]} Kg5 {[%clk 01:21:14]} {[%emt 00:01:09]} 40.
Kf3 {[%clk 01:10:29]} {[%emt 00:01:12]} Bd2 {[%clk 01:20:38]} {[%emt 00:01:06]}
41. Kg3 {[%clk 01:09:14]} {[%emt 00:01:45]} Bf4 {[%clk 01:20:30]} {[%emt
00:00:38]} 42. Kh3 {[%clk 01:09:21]} {[%emt 00:00:21]} Bd2 {[%clk 01:20:29]}
{[%emt 00:00:33]} 43. Be7 {[%clk 01:08:38]} {[%emt 00:01:13]} Kf4 {[%clk
01:18:39]} {[%emt 00:02:20]} 44. Kh4 {[%clk 01:05:17]} {[%emt 00:03:51]} Be1
{[%clk 01:18:57]} {[%emt 00:00:13]} 45. Kh3 {[%clk 01:05:40]} {[%emt 00:00:04]}
Bd2 {[%clk 01:19:15]} {[%emt 00:00:14]} 46. Bd6 {[%clk 01:05:36]} {[%emt
00:00:34]} Kg5 {[%clk 01:19:12]} {[%emt 00:00:34]} 47. Kg3 {[%clk 01:05:56]}
{[%emt 00:00:09]} Kf6 {[%clk 01:18:25]} {[%emt 00:01:17]} 48. Bf4 {[%clk
01:05:02]} {[%emt 00:01:17]} Bxb4 {[%clk 01:18:31]} {[%emt 00:00:32]} 49. Kh4
{[%clk 01:02:43]} {[%emt 00:02:49]} Be1 {[%clk 01:18:40]} {[%emt 00:00:20]} 50.
Bg3 {[%clk 01:02:16]} {[%emt 00:00:57]} Bxg3 {[%clk 01:18:41]} {[%emt
00:00:30]} 51. Kxg3 {[%clk 01:02:39]} {[%emt 00:00:06]} a5 {[%clk 01:18:41]}
{[%emt 00:00:30]} 52. Kf4 {[%clk 01:00:59]} {[%emt 00:02:10]} b4 {[%clk
01:18:36]} {[%emt 00:00:36]} 53. g5 {[%clk 01:00:55]} {[%emt 00:00:33]} Kf7
{[%clk 01:18:42]} {[%emt 00:00:24]} 54. Ke5 {[%clk 01:00:25]} {[%emt 00:01:00]}
h6 {[%clk 01:17:53]} {[%emt 00:01:19]} 55. gxh6 {[%clk 01:00:47]} {[%emt
00:00:08]} Kg8 {[%emt 00:00:27]} 56. Kd4 a4 {[%clk 01:17:56]} 1/2-1/2